Vidas Paralelas

Gorde:
Xehetasun bibliografikoak
Egile nagusia: Plutarco (Egilea)
Formatua: Liburua
Hizkuntza:gaztelania
Argitaratua: Buenos Aires El Ateneo 1948
Edizioa:1a. ed
Gaiak:
Etiketak: Etiketa erantsi
Etiketarik gabe, Izan zaitez lehena erregistro honi etiketa jartzen!

MARC

LEADER 00000nam a2200000 a 4500
001 UCH4789
003 CL-VaPUC
008 090903e19480600AG |||||||||||||||||spa|d
082 0 4 |a 920.02  |b PLU  |2 21 
100 0 |a Plutarco  |e author  |9 319084 
245 1 0 |a Vidas Paralelas 
250 |a 1a. ed 
300 |a t 
942 |c BK 
945 |d 20090903 00:00:00  |a dcastane 
260 |a Buenos Aires  |b El Ateneo  |c 1948 
650 0 |a Biografías  |9 255210 
583 |a last modification  |c 20130827 07:44:36  |k Rodrigo Vera 
999 |c 336057  |d 336055 
952 |0 0  |1 0  |4 0  |6 920_020000000000000_PLU_1948  |7 0  |8 X  |9 426947  |a FDOBUD  |b FDOBUD  |d 2019-11-22  |h t.1  |i 4596773  |o 920.02 PLU 1948  |p 4596773  |r 2019-11-22  |w 2019-11-22  |y BK_X  |k BUD